000 00393nam a22001697a 4500
003 MPLRDC
005 20220104163202.0
008 210129b ||||| |||| 00| 0 eng d
020 _a0-02-925360-8
082 _a553.1 POR
100 _aMICHAEL E. PORTER
245 _aCOMPETITIVE STRATEGY
_c
260 _a
_bTHE FREE PRESS
_c1980
300 _b
650 _a
942 _cBK
_o553.1 POR
999 _c56332
_d56322